Młodość Witolda Pileckiego

Titel: Młodość Witolda Pileckiego / Krzysztof Tracki
Verfasser:
Veröffentlicht: Warszawa : Wydawn. Sic!, 2014
Umfang: 233, [16] S. : Ill.
Format: Buch
Sprache: Polnisch
Schlagworte:
ISBN: 9788361967644
Buchumschlag
X
alg: 34094168
001A    $03004:05-06-14 
001B    $03025:08-04-26 $t11:45:18.000 
001C    $03004:28-08-14 $t11:57:20.000 
001D    $03004:28-08-14 
001U    $0utf8 
001X    $00 
002@    $0Aau 
003@    $0340941685 
004A    $A978-83-61967-64-4 
007A    $0340941685 $aHEB 
007G    $0DE020A265F7A0D2FC69D1C1257D4A004583BF 
009P    $qapplication/pdf $A2 $3Inhaltsverzeichnis $uhttp://scans.hebis.de/HEBCGI/show.pl?34094168_toc.pdf $mV:DE-603;B:DE-Mb50 
010@    $apol 
011@    $a2014 $n2014 
021A    $aMłodość Witolda Pileckiego $hKrzysztof Tracki 
028A    $7136342906 $8Tracki, Krzysztof$Z1971- [Tp3] $9204403359 
033A    $pWarszawa $nWydawn. Sic! 
034D    $a233, [16] S. 
034M    $aIll. 
044K    $RPilecka-Optułowicz $#Serafiński, Tomasz $#Jezierski, Roman $#Pilecki, Vitold $#Пилецки, Витолд $7119452006 $8Pilecki, Witold$Z1901-1948 [Tp1] $9087791722 
045F    $a355.0094380904 $eDDC23BSB 
045F/01 $a355.009 
045F/03 $f0904 
045F/03 $g438 
045G    $a909 $eDDC23BSB 
045G/01 $a909 
045G/03 $f0904 
045G/03 $g438 

lok: 34094168 24

exp: 34094168 24 1 #EPN
201B/01 $028-08-14 $t11:58:51.000 
201C/01 $005-06-14 
201U/01 $0utf8 
203@/01 $0732805708 
208@/01 $a28-08-14 $bz 
209A/01 $a14.08333 $du $f050 $h14 08333 $x00 
209C/01 $a14.08333 K $h14 08333 K 
209G/01 $a73496411 $x00 
220C/01 $awal 
244Z/01 $#Serafiński, Tomasz $#Jezierski, Roman $#Pilecki, Vitold $#Пилецки, Витолд $7119452006 $8--Tp1--Pilecki, Witold$Z1901-1948 $x01 $9087791722 
247C/01 $8358050-7 Marburg, Bibliothek des Herder-Instituts Marburg $9102600961 

lok: 34094168 78

exp: 34094168 78 1 #EPN
201B/01 $008-04-26 $t11:45:18.000 
201C/01 $008-04-26 
201U/01 $0utf8 
203@/01 $01339538601 
208@/01 $a08-04-26 $be 
209A/01 $a/ $f000 $x00 
209A/01 $ab*p $x01 
220C/01 $apgar 
244Z/01 $#Generalgouvernement Polen $#Polska $#Rzeczpospolita Polska $#Polska Rzeczpospolita Ludowa $#Poland $#Pologne $#République Polonaise $#Generalne Gubernatorstwo w Polsce $#Polish People's Republic $#Polska Rzeczpospolita Polen $#PRL $#RP $#Polen Generalgouvernement $#Polska Generalgouvernement $#Besetzte Polnische Gebiete $#Besetztes Gebiet in Polen $#Okupowane Polskie Obszary $#Obszary Okupowane w Polsce $#Volksrepublik Polen $#Polska Rosyjska $#Republic Polen $#Respublika Pol'ša $#Pol'skaja Narodnaja Respublika $#République de Pologne $#Polen Links der Weichsel $#Polska po Lewej Stronie Wisły $#Lenkija $#Polija $#Gubernija Carstva Pol'skago $#Republik Polen $74046496-9 $8--Tg1--Polen $x01 $9085129801 
247C/01 $82080>Marburg/Lahn, Herder-Institut, Forschungsbibliothek, Bibliographieportal $9336309341
LEADER 00000cam a2200000 c 4500
001 340941685
003 DE-603
005 20260408114518.0
007 tu
008 140605s2014 xx |||| | u00||u|pol c
020 |a 9788361967644 
035 |a (DE-599)HEB340941685 
040 |a DE-603  |b ger  |c DE-603  |d DE-603 
041 |a pol 
082 0 4 |8 1\u  |a 355.0094380904  |q DE-101  |2 23/BSB 
083 0 |8 2\u  |a 909  |q DE-101  |2 23/BSB 
085 |8 1\u  |b 355.009 
085 |8 1\u  |z 1  |s 0904 
085 |8 1\u  |z 2  |s 438 
085 |8 2\u  |b 909 
085 |8 2\u  |z 1  |s 0904 
085 |8 2\u  |z 2  |s 438 
100 1 |a Tracki, Krzysztof  |d 1971-  |0 (DE-603)204403359  |0 (DE-588)136342906  |2 gnd 
245 0 0 |a Młodość Witolda Pileckiego  |c Krzysztof Tracki 
264 1 |a Warszawa  |b Wydawn. Sic!  |c 2014 
300 |a 233, [16] S.  |b Ill. 
600 1 7 |a Pilecki, Witold  |d 1901-1948  |0 (DE-588)119452006  |0 (DE-603)087791722  |2 gnd 
856 4 2 |m V:DE-603;B:DE-Mb50  |q application/pdf  |u http://scans.hebis.de/HEBCGI/show.pl?34094168_toc.pdf  |3 Inhaltsverzeichnis 
924 0 |9 Mb 50  |a (DE-603)732805708  |b DE-Mb50  |c HES  |d c  |g 14.08333 
924 0 |9 2080  |a (DE-603)1339538601  |b DE-2080  |c HES  |d d  |g /